Jurisdicción eclesiástica y capellanía castrenses

Uloženo v:
Podrobná bibliografie
Hlavní autor: Suárez, Santiago-Gerardo (Autor)
Médium: Kniha
Jazyk:španělština
Vydáno: Caracas Italgráfica 1976
Témata:
Tagy: Přidat tag
Žádné tagy, Buďte první, kdo vytvoří štítek k tomuto záznamu!

MARC

LEADER 00000nam a2200000 a 4500
001 UCG0897
003 CL-VaPUC
008 100415e19760000VE |||||||||||||||||spa|d
082 0 4 |a 343.013  |b SUA  |2 21 
100 0 |a Suárez, Santiago-Gerardo  |e author  |9 548558 
245 1 0 |a Jurisdicción eclesiástica y capellanía castrenses 
300 |a 106 p 
942 |c BK 
945 |d 20100415 00:00:00  |a rbrito 
260 |a Caracas  |b Italgráfica  |c 1976 
650 7 |a MATRIMONIO MILITAR  |2 CL-VaPUC  |9 548559 
650 7 |a MATRIMONIO  |2 CL-VaPUC  |9 548560 
650 0 |a Derecho militar  |9 255065 
650 7 |a JURIDICCION  |2 CL-VaPUC  |9 429881 
583 |a last modification  |c 20131230 06:12:54  |k Rodrigo Vera 
999 |c 340400  |d 340398 
952 |0 0  |1 0  |4 0  |6 343_013000000000000_SUA_1976  |7 0  |8 DER_HDC  |9 435149  |a BIBDER  |b BIBDER  |d 2019-11-22  |i 4660536  |o 343.013 SUA 1976  |p 4660536  |r 2023-01-25  |w 2019-11-22  |x Ubicación 4to Piso  |y BK  |z Estos recursos deben solicitarse con anticipación  |k DER